Datum a čas kvízu
30.5
Celkem bodů
Celkový počet nahraných bodů na tomto kvízu bez doplňovacích otázek.
3.
Pořadí na kvízu
Konečné umístění týmu na tomto kvízu.
Zaznamenané odpovědi
| # | Otázka | Odpověď | Body | Výsledky |
|---|---|---|---|---|
| 1. | Ministerstvo zdravotnictví chy... | Reklamy by neměly zobrazovat živé bytosti. | 0 | |
| 2. | O tom, že Pláničkova metoda zv... | Pomocí virtuální reality. | 1 | |
| 3. | V úterý oslavila 80. narozenin... | Tina Turner | 1 | |
| 4. | Podnikatel a vizionář Elon Mus... | TMBK | 1 | |
| 5. | Biatlonová sezona byla zahájen... | Dorothea Wiererová | 0 | |
| 6. | V tomto tématu se podíváme na... | korunní lístek | 0 | |
| 7. | Časopis Květy je zřejmě nejsta... | A | 1 | |
| 8. | Jak se jmenuje tento pilot For... | Daniil Kvjat | 0 | |
| 9. | Z následujících rostlin vybert... | D | 1 | |
| 10. | Zřejmě nejslavnější českou fil... | dědeček vycinkal | 1 |